000 00284nam a2200121Ia 4500
008 190216s9999||||xx |||||||||||||| ||und||
100 _aBanu Prathap Shukla
245 0 _aHindi-Bhasha Aur Bhavana
260 _bSahithya Sahkar
_c2008
300 _a144
650 _aHindi
942 _cBK
999 _c16516
_d16516